Statistiques concernant Cantons suisses en rébus

Cliquez ici pour prendre le quiz!

Statistiques générales

  • Ce quiz a été pris 421 fois
  • Le résultat moyen est 7 sur 10

Réponses sur la Carte

Les réponses sont colorées sur une échelle allant du rouge au vert en fonction du pourcentage des utilisateurs qui les ont devinées à leur premier essai. Vous pouvez retrouver ces pourcentages ci-dessous.
 

Statistiques - réponses

Pays% Correct
Berne
88%
Jura
87%
Uri
85%
Neuchatel
77%
Bâle-Ville
72%
Lucerne
72%
Genêve
53%
Argovie
51%
Soleure
49%
Tessin
48%

Distribution des résultats

Percentile par nombre de réponses

% des personnes avec chaque résultat

Votre développement - résultats

Vous n’avez pas pris ce quiz